000 00485nam a2200157Ia 4500
008 210716s2010 xx 000 0 und d
020 _a9788177589764
041 _aeng
082 _a658.404 GRAC
100 _aGray, Clifford F;Larson, Erik W;Desai, Gautam V.
245 _aProject management: the managerial process.
_bManagerial process.
250 _a4
260 _aNew Delhi
_bTata McGraw Hill Publishing Company Ltd
_c2010
300 _axxi,706
650 _aProject Management
999 _c205872
_d205872